| 000 | 01325nam a22003497a 4500 | ||
|---|---|---|---|
| 003 | CHAP | ||
| 005 | 20220329134904.0 | ||
| 008 | 971013s1985 r 00010 d | ||
| 010 | _a27578 | ||
| 011 | _a28550 | ||
| 035 | _a32655 | ||
| 040 | _cCHAP | ||
| 082 |
_a635.072 _bI5 |
||
| 110 |
_aINIA. México. Campo Agrícola Experimental La Laguna _958495 |
||
| 245 |
_aInforme de investigación agrícola _b: hortalizas, 1977 |
||
| 260 |
_aMatamoros, Coah. : _bEl Campo, _c1985- |
||
| 300 | _av | ||
| 500 | _aLa biblioteca tiene: 1977, 1978-83, 1984-89, 1990, 1991 | ||
| 590 |
_aBATCH-UPD _b10 _c20130110 _lUCH01 _h2155 |
||
| 590 |
_aBATCH-UPD _b10 _c20130410 _lUCH01 _h1504 |
||
| 590 |
_aBATCH-UPD _b10 _c20130914 _lUCH01 _h1623 |
||
| 590 |
_aCONVERSION _b10 _c20130109 _lUCH01 _h1316 |
||
| 650 | 1 | 4 |
_aHorticultura _xCoahuila. _956316 |
| 650 | 1 | 4 |
_aHorticultura _xInvestigación _xCoahuila. _956344 |
| 901 | _aBK | ||
| 942 | _cLIBRO | ||
| 949 |
_a635.072 I5 _bBC _cCONG _d-76036 _eCONG _f1977 _h73773 _i32655 _si |
||
| 949 |
_a635.072 I5 _bBC _cCONG _d-76037 _eCONG _f1978-83 _h73774 _i32655 _si |
||
| 949 |
_a635.072 I5 _bBC _cCONG _d33724000002127 _eCONG _f1990 _h88153 _i32655 _si |
||
| 949 |
_a635.072 I5 _bBC _cCONG _d33724000251278 _eCONG _f1984-89 _h88152 _i32655 _si |
||
| 949 |
_a635.072 I5 _bBC _cCONG _d33724000251286 _eCONG _f1991 _h88154 _i32655 _si |
||
| 999 |
_c27578 _d27578 |
||